| 000 | 00785nam a22002297a 4500 | ||
|---|---|---|---|
| 999 |
_c15177 _d15177 |
||
| 003 | AR-CdUCM | ||
| 008 | 190426b ||||| |||| 00| 0 spa d | ||
| 020 | _a978-607-618-030-5 | ||
| 040 |
_aMUNICIPALIDAD PROVINCIAL DEL CUSCO _cBIBLIOTECA MUNICIPAL DEL CUSCO |
||
| 082 |
_aPI / 800 / _bP51 |
||
| 110 |
_aDisney enterprises _932870 |
||
| 245 |
_aCars : _bColección de cuentos / |
||
| 260 |
_aMexico : _bAdvanced marketing, _c2013. |
||
| 300 |
_a300 paginas ; _bIlustraciones, _c23 cm. |
||
| 500 | _aTitulo original : Cars, storybook collection | ||
| 650 |
_aCuentos para niños (as) _933191 |
||
| 650 |
_aCars _934204 |
||
| 650 |
_aAventuras sobre ruedas _934205 |
||
| 700 |
_aCaballero del Moral, Samantha (Traducion) _934197 |
||
| 942 |
_2ddc _cLIBROS |
||
| 945 |
_awnts _d2019-04-26 |
||